Les dôjutsu dans Naruto ( Spoil Manga ) !!! - Statistiques

Statistiques générales
  • Ce quiz a été pris 1 203 fois
  • Le résultat moyen est 4 sur 9
Statistiques - réponses
Hint Réponse % Correct
Pupille du clan Uchiwa sharingan
97%
Pupille du clan Otsutsuki et du clan hyuga byakugan
96%
L'oeil de l'Ermite Rikudo rinnegan
93%
évolution du sharingan mangekyô sharingan
51%
oeil présent sur le front de kaguya otsutsuki rinne sharingan
33%
obtenu lorsque qu'un otsutsuki récupère le byakugan d'un hyuga tenseigan
30%
Dôjutsu Ultime du clan otsutsuki jogan
27%
Rinnegan de Momoshiki ( Animé ) rinnegan jaune
4%
dôjutsu d'Isshiki otsutsuki dharmagan
1%
Aucun quiz correspondant
Distribution des résultats
% des personnes avec chaque résultat
Percentile par nombre de réponses
Votre historique - résultats
Vous n’avez pas pris ce quiz